[Event "Hastings Challengers9192"]
[Site "Hastings"]
[Date "1991.??.??"]
[Round "?"]
[White "Sadler, Matthew"]
[Black "Neverov, Valeriy"]
[Result "1/2-1/2"]
[WhiteElo "2480"]
[BlackElo "2540"]

1.d4 d5 2.c4 e6 3.Nc3 c6 4.e3 Nf6 5.Nf3 Nbd7 6.Bd3 dxc4 7.Bxc4 b5 8.Be2 Bb7
9.e4 b4 10.e5 bxc3 11.exf6 cxb2 12.fxg7 bxa1=Q 13.gxh8=Q Qa5+ 14.Nd2 O-O-O
15.O-O Qf5 16.Qb3 Nc5 17.Qb4 Nd7 18.Qb3  1/2-1/2

[Event "Helsingborg-A"]
[Site "Helsingborg"]
[Date "1991.??.??"]
[Round "?"]
[White "Ziegler, Ari"]
[Black "Nordstrom, Felix"]
[Result "1-0"]
[WhiteElo "2275"]
[BlackElo "2225"]

1.d4 d5 2.c4 c6 3.Nf3 Nf6 4.Nc3 e6 5.e3 Nbd7 6.Bd3 Bd6 7.e4 dxe4 8.Nxe4 Nxe4
9.Bxe4 O-O 10.O-O h6 11.Bc2 e5 12.Qd3 f5 13.c5 Bc7 14.Qb3+ Kh7 15.g4 exd4
16.Rd1 Nxc5 17.Qa3 Bd6 18.Rxd4 Qc7 19.Bf4 Bxf4 20.Qxc5 Rf6 21.Re1 Bd6 22.Qc3 Bd7
23.h4 Raf8 24.Qd3 Bc8 25.g5 hxg5 26.hxg5 Re6 27.Rxe6 Bxe6 28.g6+ Kxg6 29.Rxd6 Kf7
30.Ng5+  1-0

[Event "Helsinki op"]
[Site "Helsinki"]
[Date "1991.??.??"]
[Round "?"]
[White "Kanko, Ilkka"]
[Black "Paldanius, Pekka"]
[Result "1/2-1/2"]
[WhiteElo "2310"]
[BlackElo "2280"]

1.d4 Nf6 2.c4 e6 3.Nf3 d5 4.Nc3 c6 5.e3 Nbd7 6.Qc2 Bd6 7.b3 O-O 8.Be2 e5
9.cxd5 cxd5 10.dxe5 Nxe5 11.O-O Bg4 12.Nd4 Rc8 13.f3 Bh5 14.Bb2 Nc6 15.Nxc6 bxc6
16.Kh1 Qc7 17.f4 Bxe2 18.Nxe2 Ne4 19.Rf3 Rfe8 20.Ng3 Qd7 21.Nxe4 Rxe4 22.Rg3 Bf8
23.Rd1 Qe6 24.Qc3 Qh6 25.Rxd5 cxd5 26.Qxc8 g6 27.Kg1 Qh5 28.Rf3 Qh4 29.Qc3 d4
30.exd4 Re1+ 31.Rf1 Rxf1+ 32.Kxf1 Qxf4+ 33.Kg1 Qe4 34.d5 Bc5+ 35.Kf1 Qf5+
36.Ke2 Qf2+ 37.Kd1 Qf1+ 38.Qe1 Qd3+ 39.Qd2 Qb1+ 40.Ke2 Qe4+ 41.Kd1 Bb4 42.Qd4 Qe1+
43.Kc2 Qe2+ 44.Kc1 Qf1+ 45.Qd1 Qxg2 46.a3 Be7 47.Qd4 Qh1+ 48.Kc2 Qxh2+ 49.Kb1 f6
50.Qxa7 Qe2 51.Qd7 Kf7 52.a4 h5 53.Qc6 h4 54.Qd7 g5 55.Ka2 Qd2 56.Qe6+ Ke8
57.Qc6+  1/2-1/2

[Event "CUB-ch"]
[Site "Holguin"]
[Date "1991.??.??"]
[Round "4"]
[White "Borges Mateos, Juan"]
[Black "Gomez, Adalberto"]
[Result "1-0"]
[WhiteElo "2385"]
[BlackElo "2240"]

1.d4 d5 2.c4 c6 3.Nf3 Nf6 4.Nc3 e6 5.e3 Be7 6.Bd3 O-O 7.O-O Nbd7 8.b3 b6
9.Bb2 Bb7 10.Qe2 c5 11.Rfd1 cxd4 12.exd4 Qc7 13.Nb5 Qf4 14.Bc1 Qg4 15.h3 Qh5
16.Bf4 dxc4 17.bxc4 Bxf3 18.Qxf3 Qxf3 19.gxf3 Nh5 20.Be3 a6 21.Nc3 Rfc8 22.Rab1 Nhf6
23.a4 g6 24.Ne4 Ne8 25.Bf4 f5 26.Ng5 Ng7 27.c5 h6 28.Nxe6 Nxe6 29.Bc4 Kf7
30.Re1 Rc6 31.Bd6 Nf8 32.Bxe7 Kxe7 33.Bd5 Rac8 34.Bxc6 Rxc6 35.cxb6 Rd6 36.b7 Nd7
37.d5 Rxd5 38.Rb6 Rd6 39.Rxd6 Kxd6 40.Rd1+ Kc7 41.Rxd7+  1-0

[Event "CUB-ch"]
[Site "Holguin"]
[Date "1991.??.??"]
[Round "5"]
[White "Borges Mateos, Juan"]
[Black "Diaz, Joaquin C"]
[Result "1-0"]
[WhiteElo "2385"]
[BlackElo "2430"]

1.d4 d5 2.c4 c6 3.Nf3 Nf6 4.Nc3 e6 5.e3 Nbd7 6.Qc2 Bd6 7.b3 O-O 8.Be2 e5
9.cxd5 Nxd5 10.Nxd5 cxd5 11.dxe5 Nxe5 12.Bb2 Nxf3+ 13.Bxf3 Bb4+ 14.Kf1 Be6
15.Qd3 Be7 16.h4 Bf6 17.Bd4 Rc8 18.g3 Bxd4 19.Qxd4 Qa5 20.Kg2 Rc2 21.Rhd1 a6
22.a4 Qc3 23.Rd3 Qxd4 24.Rxd4 Rc3 25.Rb1 Rd8 26.e4 Bh3+ 27.Kxh3 Rxf3 28.Kg2 Rc3
29.exd5 Kf8 30.d6 Rc6 31.Rbd1 Rd7 32.Kf3 f6 33.Ke4 Kf7 34.f4 a5 35.Rc4 Rb6
36.Rd3 Ke8 37.Rc8+ Rd8 38.Rxd8+ Kxd8 39.Kd5 Kd7 40.Kc5 Rb4 41.Re3 h5 42.Re7+ Kc8
43.Rxg7 Rxb3 44.g4 hxg4 45.Rxg4 f5 46.Rg8+ Kd7 47.Rg7+ Kd8 48.h5 Rh3 49.Rh7  1-0

[Event "HUN-ch"]
[Site "HUN"]
[Date "1991.??.??"]
[Round "1"]
[White "Adorjan, Andras"]
[Black "Horvath, Jozsef"]
[Result "1/2-1/2"]
[WhiteElo "2530"]
[BlackElo "2540"]

1.c4 c6 2.d4 d5 3.e3 Nf6 4.Nc3 e6 5.Nf3 Nbd7 6.Qc2 Bd6 7.Be2 O-O 8.O-O dxc4
9.Bxc4 b5 10.Be2 Bb7 11.Rd1 Qc7 12.e4 e5 13.dxe5 Nxe5 14.Nd4 Bc5 15.h3 Qb6
16.Be3 Rad8 17.Nf5 Bxe3 18.Nxe3 g6 19.Rac1  1/2-1/2

[Event "HUN-ch"]
[Site "HUN"]
[Date "1991.??.??"]
[Round "5"]
[White "Adorjan, Andras"]
[Black "Polgar, Zsuzsa"]
[Result "1-0"]
[WhiteElo "2530"]
[BlackElo "2535"]

1.c4 e6 2.Nc3 d5 3.d4 c6 4.e3 Nf6 5.Nf3 Nbd7 6.Qc2 Bd6 7.Be2 O-O 8.O-O dxc4
9.Bxc4 a6 10.Rd1 c5 11.dxc5 Bxc5 12.Bd3 h6 13.b3 Be7 14.Bb2 b6 15.Be4 Nxe4
16.Qxe4 Ra7 17.Ne5 Qe8 18.Nc6 Nf6 19.Nxe7+ Qxe7 20.Qd4 Qb7 21.Na4 b5 22.Nc5 Qa8
23.Rac1 Kh8 24.h3 Re8 25.Qe5 a5 26.a3 Rae7 27.Rd6 Rg8 28.Qf4 Nh7 29.Qxh6 e5
30.Qh5 f6 31.Qg6 Qb8 32.Qd3 Bf5 33.Qd5 Ng5 34.Na6 Qe8 35.Nc7 Qg6 36.Rd8 Rxd8
37.Qxd8+ Kh7 38.Qxe7 Nf3+ 39.Kh1 Nh4 40.Rg1 Be4 41.f3 Qg3 42.Ne8 Nxf3 43.Nxf6+  1-0

[Event "Katowice op"]
[Site "Katowice"]
[Date "1991.??.??"]
[Round "3"]
[White "Kaunas, Kestutis"]
[Black "Sherbakov, Ruslan"]
[Result "0-1"]
[WhiteElo "2335"]
[BlackElo "2505"]

1.d4 Nf6 2.c4 c6 3.Nc3 d5 4.Nf3 e6 5.e3 Nbd7 6.Qc2 Bd6 7.Be2 O-O 8.O-O dxc4
9.Bxc4 b5 10.Bd3 Bb7 11.Rd1 Qb8 12.h3 b4 13.Ne4 Nxe4 14.Bxe4 h6 15.b3 Nf6
16.Bd3 c5 17.dxc5 Bxf3 18.gxf3 Rc8 19.cxd6 Rxc2 20.Bxc2 Qc8 21.Bd3 Qc6 22.Bb2 Qxf3
23.Bxf6 gxf6 24.d7 Rd8 25.Rac1 Kf8 26.Bb5 Ke7 27.Rd4 e5 28.Rh4 Qf5 29.Rc7 h5
30.Kf1 Qb1+ 31.Kg2 Qd1 32.Kh2 Qd2 33.Kg3 Rg8+  0-1

[Event "Katowice op"]
[Site "Katowice"]
[Date "1991.??.??"]
[Round "5"]
[White "Malaniuk, Vladimir P"]
[Black "Sherbakov, Ruslan"]
[Result "1/2-1/2"]
[WhiteElo "2500"]
[BlackElo "2505"]

1.d4 d5 2.c4 c6 3.Nc3 Nf6 4.Nf3 e6 5.e3 Nbd7 6.Qc2 Bd6 7.Be2 O-O 8.O-O dxc4
9.Bxc4 b5 10.Be2 Bb7 11.Rd1 Qb8 12.Ne4 Nxe4 13.Qxe4 c5 14.Qh4 Nf6 15.dxc5 Bxc5
16.b4 Be7 17.Bb2 Bd5 18.Bd3  1/2-1/2

[Event "Kecskemet Szechenyi"]
[Site "Kecskemet"]
[Date "1991.??.??"]
[Round "2"]
[White "Malaniuk, Vladimir P"]
[Black "Sestjakov, Sergei"]
[Result "1-0"]
[WhiteElo "2510"]
[BlackElo "2280"]

1.d4 d5 2.c4 e6 3.Nf3 Nf6 4.Nc3 c6 5.e3 Nbd7 6.Qc2 Bd6 7.Bd2 O-O 8.h3 a6
9.g4 b5 10.c5 Bc7 11.Bd3 Kh8 12.Ne2 Qe7 13.O-O-O e5 14.dxe5 Nxe5 15.Nxe5 Bxe5
16.Nd4 Bd7 17.f3 a5 18.h4 a4 19.Kb1 Bc7 20.h5 Rfb8 21.h6 g6 22.a3 Kg8 23.Rhe1 Ba5
24.Bxa5 Rxa5 25.Qc3 Raa8 26.g5 Nh5 27.f4 f5 28.Rg1 Re8 29.Nc2 Qf8 30.Rd2 Kf7
31.Be2 Qh8 32.Nd4 Re7 33.Bxh5 gxh5 34.Rh2 Rae8 35.Rg3 Kg6 36.Qd2 Kf7 37.Rxh5 Re4
38.Rhh3 Rxd4 39.Qxd4 Qxd4 40.g6+ Kf6 41.exd4 hxg6 42.Kc2 Be6 43.Kc3 Rh8 44.Kb4 Bg8
45.Ka5 Rh7 46.Kb6 b4 47.Kxc6  1-0

[Event "Kecskemet Szechenyi"]
[Site "Kecskemet"]
[Date "1991.??.??"]
[Round "5"]
[White "Schroll, Gerhard"]
[Black "Sestjakov, Sergei"]
[Result "1-0"]
[WhiteElo "2370"]
[BlackElo "2280"]

1.d4 d5 2.c4 e6 3.Nc3 c6 4.e3 Nf6 5.Nf3 Nbd7 6.Bd3 dxc4 7.Bxc4 b5 8.Bd3 Bb7
9.O-O Rc8 10.a3 a6 11.b4 a5 12.bxa5 Qxa5 13.Bd2 Qd8 14.a4 bxa4 15.Qxa4 Bd6
16.Qa7 Ba8 17.e4 e5 18.Bg5 exd4 19.Qxd4 Bc5 20.Qc4 Be7 21.e5 Nb6 22.Qa6 Nfd5
23.Nxd5 Nxd5 24.Bf5 Rb8 25.Bxe7 Nxe7 26.Rfd1 Nd5 27.Qa3 Bb7 28.e6 Ra8 29.exf7+ Kxf7
30.Qb2 Rxa1 31.Rxa1 Qb8 32.Ng5+ Kg8 33.Be6+ Kf8 34.Bxd5 cxd5 35.Qa3+ Ke8
36.Re1+ Kd7 37.Qe7+ Kc6 38.Rc1+ Kb5 39.Qc5+ Ka4 40.Rc3  1-0

[Event "Kecskemet GM"]
[Site "Kecskemet"]
[Date "1991.??.??"]
[Round "5"]
[White "Malaniuk, Vladimir P"]
[Black "Ivanov, Oleg"]
[Result "1-0"]
[WhiteElo "2500"]
[BlackElo "2390"]

1.d4 d5 2.c4 c6 3.Nc3 Nf6 4.Nf3 e6 5.e3 Nbd7 6.Bd3 dxc4 7.Bxc4 b5 8.Be2 b4
9.Na4 Be7 10.O-O O-O 11.Bd2 Bb7 12.Qc2 Rc8 13.Nc5 Nxc5 14.dxc5 Qa5 15.Rfc1 Nd7
16.a3 b3 17.Qxh7+ Kxh7 18.Bxa5 Bxc5 19.Ne5 Nxe5 20.Rxc5 Nd7 21.Rc3 c5 22.Rxb3 Bd5
23.Rc3 Rb8 24.b4 cxb4 25.axb4 Rfc8 26.Rac1 Rxc3 27.Rxc3 Ne5 28.Bc7 Rxb4 29.Bxe5 Rb1+
30.Bf1 f6 31.Bd4 e5 32.e4 Bxe4 33.Bxa7  1-0

[Event "Kemerovo"]
[Site "Kemerovo"]
[Date "1991.??.??"]
[Round "?"]
[White "Frog, Ilya"]
[Black "Bashkov, Viacheslav"]
[Result "0-1"]
[WhiteElo "2390"]
[BlackElo "2410"]

1.d4 d5 2.Nf3 Nf6 3.c4 e6 4.Nc3 c6 5.e3 Nbd7 6.Qc2 Bd6 7.Bd2 O-O 8.cxd5 exd5
9.Bd3 Re8 10.g4 Qe7 11.h3 Ne4 12.Kf1 Nf8 13.Be1 f5 14.gxf5 Bxf5 15.Nxe4 dxe4
16.Bc4+ Kh8 17.Ng1 Ng6 18.f4 exf3 19.Qxf5 Rf8 20.Qe6 f2 21.Qxe7 fxe1=Q+ 22.Kxe1 Nxe7
23.Kd2 Nf5 24.h4 Rae8 25.Rh3 Nxe3 26.Be2 Bb4+ 27.Kd3 Nd5 28.Rf3 Nf4+ 29.Kc4 Nxe2
30.Kxb4 Nxd4 31.Rxf8+ Rxf8 32.Kc5 Rd8 33.Re1 b6+ 34.Kc4 Nf5 35.Nf3 Kg8 36.Re6 c5
37.Re5 Nd4 38.Ng5 h6 39.Ne4 Kf7 40.h5 Nc6 41.Rf5+ Ke6 42.Rf2 Rd4+ 43.Kb5 Nb8
44.Nxc5+ bxc5 45.Rg2 Rb4+  0-1

[Event "URS-ch U26"]
[Site "Kherson"]
[Date "1991.??.??"]
[Round "?"]
[White "Aleksandrov, Aleksej"]
[Black "Sorokin, Maxim"]
[Result "0-1"]
[WhiteElo "2370"]
[BlackElo "2500"]

1.d4 d5 2.c4 e6 3.Nc3 c6 4.e3 Nf6 5.Nf3 Nbd7 6.Bd3 dxc4 7.Bxc4 b5 8.Be2 Bb7
9.O-O b4 10.Na4 Be7 11.Qc2 Rc8 12.a3 bxa3 13.bxa3 c5 14.Nxc5 Nxc5 15.dxc5 O-O
16.Rd1 Rxc5 17.Rxd8 Rxc2 18.Rxf8+ Kxf8 19.Nd4 Rc8 20.Bd2 e5 21.Nf3 Ne4 22.Bb4 Nc3
23.Bf1 f6 24.Nd2 Bd5 25.h3 Na2 26.Bxe7+ Kxe7 27.Ba6 Rc3 28.a4 Rc2 29.e4 Bc6
30.Nf1 Bxe4 31.f3 Bg6 32.a5 Nb4 33.Bb7 Ra2 34.Rxa2 Nxa2 35.Kf2 Kd6 36.f4 exf4
37.Nd2 Bd3 38.Kf3 Ke5 39.Kg4 Bf5+ 40.Kf3 Be6 41.Ne4 Nb4 42.Nc3 Bc4 43.h4 Nc2
44.Ne2 g5  0-1

[Event "JUG-ch"]
[Site "Kladovo"]
[Date "1991.??.??"]
[Round "1"]
[White "Cvitan, Ognjen"]
[Black "Stanojoski, Zvonko"]
[Result "1-0"]
[WhiteElo "2535"]
[BlackElo "2370"]

1.Nf3 Nf6 2.c4 c6 3.Nc3 d5 4.e3 e6 5.d4 Bd6 6.Bd3 Nbd7 7.e4 dxe4 8.Nxe4 Nxe4
9.Bxe4 Bb4+ 10.Bd2 Bxd2+ 11.Qxd2 Nf6 12.Bc2 O-O 13.O-O-O a5 14.Ne5 a4 15.g4 Qa5
16.Qd3 g6 17.h4 a3 18.b3 Nd7 19.f4 Nxe5 20.dxe5 b5 21.c5 Ra7 22.Qe3 f6 23.h5 Rg7
24.hxg6 hxg6 25.Rh6 fxe5 26.fxe5 Qb4 27.Rdh1 Kf7 28.Rf1+ Ke7 29.Rxf8 Kxf8
30.Rh8+ Kf7  1-0

[Event "JUG-ch"]
[Site "Kladovo"]
[Date "1991.??.??"]
[Round "3"]
[White "Cvitan, Ognjen"]
[Black "Drazic, Sinisa"]
[Result "1/2-1/2"]
[WhiteElo "2535"]
[BlackElo "2375"]

1.Nf3 d5 2.c4 e6 3.d4 Nf6 4.Nc3 c6 5.e3 a6 6.b3 b5 7.Bd3 Bb4 8.Bd2 bxc4 9.bxc4 O-O
10.O-O Nbd7 11.Nxd5 Nxd5 12.cxd5 Bxd2 13.dxc6 Ba5 14.cxd7 Bxd7 15.Ne5 Bc7
16.f4 Bxe5 17.fxe5 Bb5 18.Rf3 Bxd3 19.Qxd3 Qa5 20.Qe4 Rab8 21.h4 Rb2 22.h5 h6
23.a4 Re2 24.Raf1 Re1 25.Rxe1 Qxe1+ 26.Kh2 a5 27.Qg4 Qd1 28.Qg3 Qxa4 29.Rf4 Qd1
30.Rg4 Kh8 31.Qh4 a4 32.Rf4 a3 33.Qe7 Rg8 34.Qxa3 Qxh5+ 35.Kg1 Qd1+ 36.Rf1 Qe2
37.Rxf7 Rb8 38.Rf8+ Kh7 39.Rxb8  1/2-1/2

[Event "JUG-ch"]
[Site "Kladovo"]
[Date "1991.??.??"]
[Round "4"]
[White "Pikula, Dejan"]
[Black "Sandic, Vladeta"]
[Result "1/2-1/2"]
[WhiteElo "2290"]
[BlackElo "2365"]

1.d4 d5 2.c4 c6 3.Nf3 Nf6 4.Nc3 e6 5.e3 Nbd7 6.Qc2 Be7 7.Be2 O-O 8.O-O a6
9.a4 Qc7 10.e4 dxe4 11.Nxe4 Nxe4 12.Qxe4 Nf6 13.Qc2 c5  1/2-1/2

[Event "JUG-ch"]
[Site "Kladovo"]
[Date "1991.??.??"]
[Round "4"]
[White "Lakic, Nikola"]
[Black "Ilic, Vidoje"]
[Result "1/2-1/2"]
[WhiteElo "2310"]
[BlackElo "2290"]

1.d4 d5 2.c4 c6 3.Nf3 Nf6 4.Nc3 e6 5.e3 Nbd7 6.Bd3 dxc4 7.Bxc4 b5 8.Bd3 Bb7
9.O-O a6 10.a4 b4 11.Ne4 c5 12.Nxf6+  1/2-1/2

[Event "JUG-ch"]
[Site "Kladovo"]
[Date "1991.??.??"]
[Round "5"]
[White "Barlov, Dragan"]
[Black "Lazic, Miroljub"]
[Result "1-0"]
[WhiteElo "2505"]
[BlackElo "2400"]

1.d4 d5 2.c4 c6 3.Nc3 Nf6 4.e3 e6 5.Nf3 Nbd7 6.Be2 Bd6 7.O-O O-O 8.Qc2 dxc4
9.Bxc4 e5 10.Bb3 Qe7 11.h3 a6 12.Re1 b5 13.e4 exd4 14.Nxd4 Qe5 15.Nf3 Qh5
16.Qd1 Bb4 17.e5 Bxc3 18.bxc3 Nd5 19.c4 bxc4 20.Bxc4 N7b6 21.Bf1 a5 22.Bb2 Nf4
23.Qd4 Nbd5 24.e6 f6 25.e7 Re8 26.Nd2 Qf7 27.Ba3 Ne6 28.Qa4 Nxe7 29.Nc4 Nf5
30.Nb6 Rb8 31.Nxc8 Rbxc8 32.Bc4 Kh8 33.Rad1 g6 34.Qxa5 Qc7 35.Qc3 Ned4 36.Rxe8+ Rxe8
37.Bc5  1-0

[Event "JUG-ch"]
[Site "Kladovo"]
[Date "1991.??.??"]
[Round "7"]
[White "Nikcevic, Nebojsa"]
[Black "Sinadinovic, Andjelko"]
[Result "1-0"]
[WhiteElo "2440"]
[BlackElo "2365"]

1.d4 Nf6 2.c4 e6 3.Nf3 d5 4.Nc3 c6 5.e3 Nbd7 6.Qc2 Be7 7.Bd3 O-O 8.O-O b6
9.e4 dxe4 10.Nxe4 c5 11.dxc5 bxc5 12.Bd2 Bb7 13.Bc3 h6 14.Rfe1 Qc7 15.Nxf6+ Bxf6
16.Bh7+ Kh8 17.Be4 Rfd8 18.Bxb7 Qxb7 19.Rad1 Bxc3 20.Qxc3 Nf6 21.b3 Rxd1
22.Rxd1 a5 23.a4 Rb8 24.Rd3 Qc7 25.Qe5 Qb6 26.h3 Rd8 27.Rxd8+ Qxd8 28.Qxc5 Qd1+
29.Kh2 Qxb3 30.Qb5 Qc2 31.c5 Qc1 32.Qb8+ Kh7 33.Qe5 Nd5 34.Qd4 Kg8 35.Ne5 Kf8
36.Nc4 Qc3 37.Qh4 f6 38.c6 Ke7 39.Qe4 f5 40.Qe2 Nf4 41.Qf1 e5 42.Qb1 Qb4
43.Qxf5 Qxc4 44.Qd7+ Kf6 45.c7 Qe4 46.Qg4 h5 47.Qf3 Qc4 48.Qb7 Nd3 49.c8=Q Qf4+
50.Kh1 Nxf2+ 51.Kg1 Nxh3+ 52.Qxh3  1-0

[Event "JUG-ch"]
[Site "Kladovo"]
[Date "1991.??.??"]
[Round "10"]
[White "Gligoric, Svetozar"]
[Black "Lazic, Miroljub"]
[Result "0-1"]
[WhiteElo "2455"]
[BlackElo "2400"]

1.d4 d5 2.Nf3 Nf6 3.c4 c6 4.Nc3 e6 5.e3 Nbd7 6.Bd3 Bd6 7.O-O O-O 8.e4 dxc4
9.Bxc4 e5 10.h3 Qc7 11.a3 exd4 12.Nxd4 Bh2+ 13.Kh1 Bf4 14.Ba2 Nc5 15.Bxf4 Qxf4
16.Nde2 Qh4 17.e5 Nfe4 18.Nxe4 Qxe4 19.Qd4 Qxe2 20.Qxc5 Qxb2 21.Rfb1 Qe2
22.Bc4 Qh5 23.a4 b6 24.Qe3 Bf5 25.Rd1 Qh4 26.Rd4 Qe7 27.Rd6 Rfe8 28.Re1 Qxd6
29.exd6 Rxe3 30.Rxe3 Kf8 31.Re7 Be6 32.Bxe6 fxe6 33.Rc7 c5 34.d7 Rd8 35.Rxa7 Ke7
36.Rb7 Ra8 37.Rxb6 Kxd7 38.Rb7+ Kc6 39.Rxg7 c4 40.Rg3 Rxa4 41.Re3 Kd5 42.g4 Kd4
43.Rxe6 c3 44.Kg2 c2 45.Re1 Kd3 46.Kg3 Rc4 47.Rc1 Kd2 48.Rxc2+ Kxc2 49.f4 Kd3
50.f5 Ke4 51.Kh4 Rc6  0-1

[Event "JUG-ch"]
[Site "Kladovo"]
[Date "1991.??.??"]
[Round "12"]
[White "Nikcevic, Nebojsa"]
[Black "Lazic, Miroljub"]
[Result "1/2-1/2"]
[WhiteElo "2440"]
[BlackElo "2400"]

1.d4 d5 2.Nf3 Nf6 3.c4 c6 4.Nc3 e6 5.e3 Nbd7 6.Qc2 Bd6 7.Be2 O-O 8.O-O dxc4
9.Bxc4 e5 10.Bb3 Qe7 11.h3 a6 12.Re1 c5 13.dxe5 Nxe5 14.Nxe5 Bxe5 15.e4 Be6
16.Bxe6 Qxe6 17.Bg5 Rac8 18.Rad1 Rfe8 19.Bxf6 Bxf6 20.Nd5 Bd4 21.a4 f5 22.Qc4 Kh8
23.exf5 Qxf5 24.Rxe8+ Rxe8 25.Ne3 Qf4 26.Qb3 Rf8 27.Rd2 c4 28.Qa3 Kg8 29.Qe7 b5
30.axb5 axb5 31.Qe6+ Kh8 32.Qe7 Bb6 33.g3 Qf3 34.Kh2 Ba5 35.Rc2 h6 36.Ng4 Qf7
37.Qe5 Qf5 38.Re2 Qxe5 39.Rxe5 Rb8 40.Ne3 Bd2 41.Rc5 Bb4 42.Rc7 Bd6 43.Rc6 Be5
44.Nd1 Rd8 45.Rc5 Bf6 46.Nc3 b4 47.Na4 Ra8 48.Nb6 Bd4 49.Rc6 Bxb6 50.Rxb6 b3
51.Rb4 Ra2 52.Rxc4 Rxb2 53.Kg2 Rc2 54.Rb4 b2 55.h4 Kg8 56.Rb7 Kf8 57.g4 Ke8
58.Kg3 Kd8 59.f3 Kc8 60.Rb3 Kd7 61.Kf4 Ke6  1/2-1/2

[Event "JUG-ch"]
[Site "Kladovo"]
[Date "1991.??.??"]
[Round "13"]
[White "Lakic, Nikola"]
[Black "Stanojoski, Zvonko"]
[Result "0-1"]
[WhiteElo "2310"]
[BlackElo "2370"]

1.d4 Nf6 2.c4 e6 3.Nf3 d5 4.Nc3 c6 5.e3 Nbd7 6.Bd3 dxc4 7.Bxc4 b5 8.Bd3 a6
9.e4 c5 10.d5 c4 11.dxe6 fxe6 12.Bc2 Qc7 13.O-O Bb7 14.Ng5 Nc5 15.e5 Qxe5
16.Re1 Qd6 17.Qxd6 Bxd6 18.Nxe6 Nxe6 19.Rxe6+ Kd7 20.Re2 Rae8 21.Be3 Kc7
22.Rae1 Rhf8 23.h3 Bc6 24.a3 g6 25.Rd1 Be5 26.Bc5 Bxc3 27.Rxe8 Rxe8 28.bxc3 Nd5
29.Bd4 Re2 30.Rc1 Nf4 31.g3 Nd3 32.Bxd3 cxd3 33.Rd1 Bd5 34.f3 d2 35.Bf2 Bb3  0-1

[Event "Kobanya op"]
[Site "Kobanya"]
[Date "1991.??.??"]
[Round "2"]
[White "Czebe, Attila"]
[Black "Feher, Gyula"]
[Result "1/2-1/2"]
[WhiteElo "2280"]
[BlackElo "2375"]

1.d4 Nf6 2.c4 e6 3.Nf3 d5 4.Nc3 c6 5.e3 Nbd7 6.Qc2 Bd6 7.Be2 O-O 8.O-O Re8
9.Bd2 dxc4 10.Bxc4 b5 11.Bd3 Bb7 12.e4 e5 13.d5 cxd5 14.Nxb5 Bb8 15.Nc3 Nc5
16.Bb5 dxe4 17.Ng5 Rf8 18.Be3 Qe7 19.Ne2 Ne6 20.Nxe6 Qxe6 21.Bc4 Qe7 22.Ng3 Nd5
23.Bxd5 Bxd5 24.Rfd1 Qe6  1/2-1/2

[Event "Kobanya op"]
[Site "Kobanya"]
[Date "1991.??.??"]
[Round "11"]
[White "Kallai, Gabor"]
[Black "Feher, Gyula"]
[Result "1-0"]
[WhiteElo "2440"]
[BlackElo "2375"]

1.d4 d5 2.c4 c6 3.Nf3 Nf6 4.Nc3 e6 5.e3 Nbd7 6.Qc2 Bd6 7.Be2 O-O 8.O-O dxc4
9.Bxc4 e5 10.Bb3 Qe7 11.Bd2 e4 12.Ng5 Bxh2+ 13.Kxh2 Ng4+ 14.Kg1 Qxg5 15.Qxe4 Ndf6
16.Qf4 Qxf4 17.exf4 Nh6 18.Rad1 Be6 19.Bxe6 fxe6 20.Rfe1 Rfe8 21.f3 Nf5 22.Ne4 Nd5
23.Nc5 Kf7 24.Bc1 Re7 25.g4 Nh4 26.Kf2 Ng6 27.Kg3 b6 28.Nd3 Rc8 29.Re2 c5
30.dxc5 bxc5 31.Ne5+ Nxe5 32.Rxe5 g6 33.Rh1 Nf6 34.Be3 c4 35.Ra5 h5 36.Bd4 Rd7
37.Be5 hxg4 38.fxg4 Nd5 39.Rh7+  1-0

[Event "Krasnodar"]
[Site "Krasnodar"]
[Date "1991.??.??"]
[Round "?"]
[White "Zhukhovitsky, Samuel"]
[Black "Doroshkievich, Vladimir K"]
[Result "1/2-1/2"]
[WhiteElo "2460"]
[BlackElo "2350"]

1.d4 d5 2.c4 e6 3.Nc3 c6 4.e3 Nf6 5.Nf3 Nbd7 6.Qc2 Bd6 7.e4 Nxe4 8.Nxe4 dxe4
9.Qxe4 e5 10.c5 Be7 11.dxe5 Nxc5 12.Qe3 O-O 13.Be2 Re8 14.O-O Bg4 15.Qc3 Bf8
16.Bf4 Qb6 17.Be3 Bxf3 18.Bxf3 Qb5 19.Bf4 Nd7 20.a4 Qb4 21.Qxb4 Bxb4 22.a5 Nxe5
23.Bxe5 Rxe5 24.a6 bxa6 25.Rxa6 Bc5 26.Rb1 g6 27.Rxc6 Rb8 28.Kf1 Rb3 29.Rc7 Rf5
30.Rd7 Rb4 31.Rd2 g5 32.h3 Rbf4 33.Re1 h5 34.Re4 g4 35.Rxf4 Rxf4 36.Rd5 Be7
37.hxg4 hxg4 38.Bd1 Bh4 39.Rd2 g3 40.f3 Bf6 41.Rd7 Rb4 42.b3 Rh4 43.f4 Rxf4+
44.Bf3 Bd4 45.Ke2 Kg7 46.Re7 Bf2 47.Rd7 Kg6 48.Bd5 f6 49.Bf3 Rh4 50.Bc6 Kf5
51.Kf3 Rf4+ 52.Ke2 Ke6 53.Rd3 Bd4 54.Rxg3 Kd6 55.Bf3 Kc5 56.Rg4  1/2-1/2

[Event "Krumbach op"]
[Site "Krumbach"]
[Date "1991.??.??"]
[Round "10"]
[White "Aseev, Konstantin N"]
[Black "Payen, Arnaud"]
[Result "1-0"]
[WhiteElo "2515"]
[BlackElo "2215"]

1.d4 d5 2.c4 c6 3.e3 Nf6 4.Nc3 e6 5.Nf3 Nbd7 6.Bd3 dxc4 7.Bxc4 b5 8.Bd3 a6
9.e4 c5 10.e5 cxd4 11.Nxb5 Nxe5 12.Nxe5 axb5 13.Bxb5+ Bd7 14.Nxd7 Qa5+ 15.Bd2 Qxb5
16.Nxf8 Kxf8 17.Qe2 Qxb2 18.O-O Rb8 19.Qd3 Qb5 20.Qxd4 Nd5 21.Rfc1 h6 22.a4 Qa6
23.Rc5 Kg8 24.Ra5 Qd6 25.Ra7 e5 26.Qc4 g6 27.Rd1 Kg7 28.g3 Rb2 29.Be1 Rd8
30.Ra5  1-0

[Event "Las Palmas op"]
[Site "Las Palmas"]
[Date "1991.??.??"]
[Round "2"]
[White "Morales, Julian"]
[Black "Braga, Fernando"]
[Result "1-0"]
[WhiteElo "2235"]
[BlackElo "2445"]

1.d4 d5 2.c4 c6 3.Nf3 Nf6 4.Nc3 e6 5.e3 Nbd7 6.Bd3 dxc4 7.Bxc4 b5 8.Bd3 Bb7
9.O-O a6 10.Qe2 c5 11.dxc5 Nxc5 12.Bc2 Be7 13.Rd1 Qc7 14.Bd2 b4 15.Na4 Nce4
16.Be1 O-O 17.Rac1 Qa5 18.Nd4 Rac8 19.f3 Nd6 20.a3 Nb5 21.axb4 Bxb4 22.Nxb5 axb5
23.Nc3 Rfd8 24.Rxd8+ Rxd8 25.Qxb5 Qxb5 26.Nxb5 Bxe1 27.Rxe1 g5 28.Rd1 Rb8
29.Nc3 Kg7 30.Rd2 h5 31.Kf2 h4 32.Bd1 Bc6 33.e4 Kf8 34.b3 Ke7 35.Rb2 Nd7
36.Be2 f5 37.exf5 exf5 38.b4 Ne5 39.b5 g4 40.Rb4 Bb7 41.Rd4 h3 42.f4 g3+
43.hxg3 h2 44.Rd1 Ng4+ 45.Bxg4 fxg4 46.Rh1 Rh8 47.Nd1 Rh5 48.b6 Rh6 49.Ne3 Rxb6
50.Rxh2 Rb2+ 51.Kg1 Rb1+ 52.Kf2 Rb2+ 53.Ke1 Be4 54.Nxg4 Bxg2 55.Ne5 Ke6 56.Nd3 Rb1+
57.Kf2 Bd5 58.g4 Bc4 59.Ne5 Bb5 60.Kg3 Kd5 61.Kh4 Ke4 62.Kg5 Rg1 63.Rb2 Ba6
64.Rb4+ Kd5 65.Ng6  1-0

[Event "Las Palmas op"]
[Site "Las Palmas"]
[Date "1991.??.??"]
[Round "3"]
[White "Danailov, Silvio"]
[Black "Morales, Julian"]
[Result "1-0"]
[WhiteElo "2475"]
[BlackElo "2235"]

1.Nf3 d5 2.c4 c6 3.e3 Nf6 4.Nc3 e6 5.d4 Nbd7 6.Qc2 Bd6 7.Be2 O-O 8.O-O Qe7
9.Rd1 a6 10.e4 dxe4 11.Nxe4 Nxe4 12.Qxe4 Nf6 13.Qh4 b5 14.c5 Bc7 15.Bd3 h6
16.Bxh6 gxh6 17.Qxh6 Rd8 18.Ne5 Rd5 19.Ng4 Bd8 20.Re1 Qf8 21.Nxf6+  1-0

[Event "ESP-chT"]
[Site "Linares"]
[Date "1991.??.??"]
[Round "?"]
[White "Villavicencio, Adalberto"]
[Black "Medina, Jose"]
[Result "1-0"]
[WhiteElo "2315"]
[BlackElo "2320"]

1.d4 d5 2.Nf3 e6 3.c4 Nf6 4.Nc3 c6 5.e3 Nbd7 6.Qc2 Bd6 7.Bd3 dxc4 8.Bxc4 O-O
9.O-O e5 10.h3 exd4 11.exd4 Qc7 12.Re1 Bf4 13.Bb3 Bxc1 14.Raxc1 Nb6 15.Re5 Bd7
16.Rce1 Rae8 17.Ne4 Nxe4 18.Qxe4 Rxe5 19.dxe5 Be6 20.Ng5  1-0

[Event "Linares"]
[Site "Linares"]
[Date "1991.??.??"]
[Round "2"]
[White "Kasparov, Gary"]
[Black "Gelfand, Boris"]
[Result "1-0"]
[WhiteElo "2800"]
[BlackElo "2700"]

1.d4 d5 2.c4 c6 3.Nc3 Nf6 4.e3 e6 5.Nf3 a6 6.b3 Bb4 7.Bd2 Nbd7 8.Bd3 O-O
9.O-O Bd6 10.e4 dxc4 11.bxc4 e5 12.c5 Bc7 13.Na4 exd4 14.h3 Re8 15.Re1 h6
16.Rb1 Nh7 17.Bc4 Qf6 18.Rb3 Nhf8 19.Bc1 Ng6 20.Nxd4 Nde5 21.Bf1 Rd8 22.Bb2 Nh4
23.Ree3 Qg5 24.g3 Nhg6 25.Qc2 h5 26.Bg2 h4 27.f4 Nxf4 28.gxf4 Qxf4 29.Nb6 Ng4
30.hxg4 Bxg4 31.Nxa8 Qh2+ 32.Kf1 Bg3 33.Rxg3 hxg3 34.Qd3 Bh3 35.Qxg3 Qh1+
36.Kf2 Bxg2 37.Qxg2 Qh4+ 38.Ke2  1-0

[Event "ESP-chT"]
[Site "Linares"]
[Date "1991.??.??"]
[Round "2"]
[White "Milos, Gilberto"]
[Black "Morovic Fernandez, Ivan"]
[Result "1/2-1/2"]
[WhiteElo "2530"]
[BlackElo "2535"]

1.c4 c6 2.Nc3 d5 3.d4 Nf6 4.e3 e6 5.Nf3 Nbd7 6.Bd3 dxc4 7.Bxc4 b5 8.Bd3 Bb7
9.O-O a6 10.e4 c5 11.d5 c4 12.Bc2 Qc7 13.dxe6 fxe6 14.Qe2 Bd6 15.Kh1 O-O
16.Ng5 Nc5 17.Be3 h6 18.f4 hxg5 19.e5 gxf4 20.exd6 Qxd6 21.Bxc5 Qxc5 22.Qxe6+ Rf7
23.Rxf4 Re8 24.Qf5 Re5 25.Qh3 Rh5 26.Rf5 Rxh3 27.Rxc5 Ng4 28.Kg1 Rxc3 29.bxc3 Rf2
30.Bd1 Rxg2+ 31.Kf1 Rxh2 32.a4 bxa4 33.Rb1 Ne3+ 34.Ke1 Be4 35.Rb8+ Kh7 36.Rcc8 Rh1+
37.Ke2 Rxd1 38.Kxe3 Bd5 39.Rh8+ Kg6 40.Rb6+ Kg5 41.Rxa6 Rd3+  1/2-1/2

[Event "Linares"]
[Site "Linares"]
[Date "1991.??.??"]
[Round "8"]
[White "Karpov, Anatoly"]
[Black "Kasparov, Gary"]
[Result "1/2-1/2"]
[WhiteElo "2725"]
[BlackElo "2800"]

1.d4 Nf6 2.c4 e6 3.Nf3 d5 4.Nc3 c6 5.e3 Nbd7 6.Qc2 Bd6 7.Be2 O-O 8.O-O e5
9.cxd5 cxd5 10.dxe5 Nxe5 11.Rd1 Nxf3+ 12.Bxf3 Qc7 13.h3 Bh2+ 14.Kh1 Be5 15.Bd2 Be6
16.Qd3 Qd7 17.Be1 Rfd8 18.Kg1 Rac8 19.Rac1 d4 20.exd4 Bxd4 21.Qe2 h6 22.b3 a6
23.Rc2 b5 24.Rcd2 Qa7 25.Ne4 Nxe4 26.Qxe4 Bb6 27.Rxd8+ Rxd8 28.Rxd8+ Bxd8
29.Bc3 Qc5 30.Qe5 Qxe5 31.Bxe5 a5 32.Be4 f6  1/2-1/2